<?xml version="1.0" encoding="UTF-8"?>
<record
    xmlns:xsi="http://www.w3.org/2001/XMLSchema-instance"
    xsi:schemaLocation="http://www.loc.gov/MARC21/slim http://www.loc.gov/standards/marcxml/schema/MARC21slim.xsd"
    xmlns="http://www.loc.gov/MARC21/slim">

  <leader>02747cam a22002534a 4500</leader>
  <controlfield tag="003">OSt</controlfield>
  <controlfield tag="005">20210414114638.0</controlfield>
  <controlfield tag="008">150929b        xxu||||| |||| 00| 0 eng d</controlfield>
  <datafield tag="020" ind1=" " ind2=" ">
    <subfield code="a">9780443068447</subfield>
  </datafield>
  <datafield tag="040" ind1=" " ind2=" ">
    <subfield code="c">.</subfield>
  </datafield>
  <datafield tag="050" ind1="0" ind2="0">
    <subfield code="a">RG524.M985 (2009) </subfield>
  </datafield>
  <datafield tag="245" ind1="0" ind2="0">
    <subfield code="a">Myles textbook for midwives. /</subfield>
  </datafield>
  <datafield tag="250" ind1=" " ind2=" ">
    <subfield code="b">Marshall, Jayne; Raynor Maureen foreword by Fraser, Diane M.</subfield>
    <subfield code="a">15th ed.</subfield>
  </datafield>
  <datafield tag="260" ind1=" " ind2=" ">
    <subfield code="a">London :</subfield>
    <subfield code="b">Churchill Livingstone Elsevier,</subfield>
    <subfield code="c">2009.</subfield>
  </datafield>
  <datafield tag="300" ind1=" " ind2=" ">
    <subfield code="a">xii, 1122p. :</subfield>
    <subfield code="b">ill( col.) ;</subfield>
    <subfield code="c">24 cm.</subfield>
  </datafield>
  <datafield tag="504" ind1=" " ind2=" ">
    <subfield code="a">Includes glossary and index.</subfield>
  </datafield>
  <datafield tag="505" ind1=" " ind2=" ">
    <subfield code="a">Contents: The midwife -- The social context of childbirth and motherhood -- Woman-centred,midwife-friendly care:midwife care model in the UK -- Ethics in midwifery -- Evidence-based practice -- The history and regulation of midwifery in south africa -- The female pelvis and the reproductive organs -- The female urinary tract -- Hormonal cycles: fertilisation and early development -- The placenta -- The fetus -- Preparing for pregnancy -- Change and adaptation in pregnancy -- Parent education:a new dimension -- Special exercise for pregnancy,labour and the puerperium -- Antenatal care -- Abnormalities of early pregnancy -- Problems of pregnancy -- Common medical disorders associated with pregnancy -- Hypertensive disorders of pregnancy -- Sexually transmissible and reproductive tract infections in pregnancy -- Multiple pregnancy -- Specialised fetal investigations -- The first stage of labour:physiology and early care -- The first stage of labour: management -- The pain relief and comfort in labour -- Transition and the second stage of labour -- Physiology and management of the third stage of labour -- Prolonged pregnancy and disorders of uterine action -- Malpositions of occiput  and malpresntations -- Operative deliveries -- Midwifery and obstetric emergencies -- Physiology and care in the puerperium -- Physical problem and complications in the puerperium -- The psychology and psychopathology of pregnancy and childbirth -- Family planning -- Bereavement and loss in maternity care -- The baby at birth -- The normal baby -- Feeding -- The healthy low birth weight baby -- Recongnising the ill baby -- Respiratory problems -- Trauma during birth;haemorrhage and convulsions -- Congenital abnormalities -- Juandice and infection -- Metabolic problems,endocrine disorders and drug withdrawal -- Pharmacology and childbirth -- Complementary and alternative medicine in maternity care -- Community,public health and social service -- Risk management -- International midwifery -- Vital statistic   </subfield>
  </datafield>
  <datafield tag="650" ind1=" " ind2="0">
    <subfield code="a">Midwifery.</subfield>
  </datafield>
  <datafield tag="650" ind1="1" ind2="2">
    <subfield code="a">Midwifery.</subfield>
  </datafield>
  <datafield tag="700" ind1="1" ind2=" ">
    <subfield code="a">Frase, Diane M.</subfield>
  </datafield>
  <datafield tag="700" ind1="1" ind2=" ">
    <subfield code="a">Cooper, Margaret A.</subfield>
  </datafield>
  <datafield tag="700" ind1="1" ind2=" ">
    <subfield code="a">Myles, Margaret F.</subfield>
  </datafield>
  <datafield tag="942" ind1=" " ind2=" ">
    <subfield code="2">lcc</subfield>
    <subfield code="c">BK</subfield>
  </datafield>
  <datafield tag="999" ind1=" " ind2=" ">
    <subfield code="c">7068</subfield>
    <subfield code="d">14568</subfield>
  </datafield>
  <datafield tag="952" ind1=" " ind2=" ">
    <subfield code="0">0</subfield>
    <subfield code="1">0</subfield>
    <subfield code="2">lcc</subfield>
    <subfield code="4">0</subfield>
    <subfield code="7">0</subfield>
    <subfield code="a">WIUC-KL</subfield>
    <subfield code="b">WIUC-KL</subfield>
    <subfield code="c">NURS L.</subfield>
    <subfield code="d">2019-07-04</subfield>
    <subfield code="o">RG524.M985(15e)</subfield>
    <subfield code="p">KSN/311/19</subfield>
    <subfield code="r">2020-02-05 00:00:00</subfield>
    <subfield code="t">1</subfield>
    <subfield code="w">2019-07-04</subfield>
    <subfield code="y">BK</subfield>
  </datafield>
  <datafield tag="952" ind1=" " ind2=" ">
    <subfield code="0">0</subfield>
    <subfield code="1">0</subfield>
    <subfield code="2">lcc</subfield>
    <subfield code="4">0</subfield>
    <subfield code="7">0</subfield>
    <subfield code="a">WIUC-KL</subfield>
    <subfield code="b">WIUC-KL</subfield>
    <subfield code="c">NURS L.</subfield>
    <subfield code="d">2019-07-04</subfield>
    <subfield code="o">RG524.M9851(15e)</subfield>
    <subfield code="p">KSN/312/19</subfield>
    <subfield code="r">2020-02-05 00:00:00</subfield>
    <subfield code="t">2</subfield>
    <subfield code="w">2019-07-04</subfield>
    <subfield code="y">BK</subfield>
  </datafield>
  <datafield tag="952" ind1=" " ind2=" ">
    <subfield code="0">0</subfield>
    <subfield code="1">0</subfield>
    <subfield code="2">lcc</subfield>
    <subfield code="4">0</subfield>
    <subfield code="7">0</subfield>
    <subfield code="a">WIUC-KL</subfield>
    <subfield code="b">WIUC-KL</subfield>
    <subfield code="c">NURS L.</subfield>
    <subfield code="d">2019-07-04</subfield>
    <subfield code="o">RG524.M9852(15e)</subfield>
    <subfield code="p">KSN/313/19</subfield>
    <subfield code="r">2020-02-05 00:00:00</subfield>
    <subfield code="t">3</subfield>
    <subfield code="w">2019-07-04</subfield>
    <subfield code="y">BK</subfield>
  </datafield>
</record>
